Statistics for Euro 2024 Teams

Click here to take the quiz!

General Stats

  • This quiz has been taken 95 times
    (7 since last reset)
  • The average score is 19 of 24

Answer Stats

Answer% Correct
Albania
86%
Austria
86%
Belgium
86%
England
86%
France
86%
Georgia
86%
Germany
86%
Italy
86%
Poland
86%
Portugal
86%
Spain
86%
Switzerland
86%
Croatia
71%
Denmark
71%
Hungary
71%
Netherlands
71%
Romania
71%
Scotland
71%
Serbia
71%
Slovakia
71%
Slovenia
71%
Turkey
71%
Ukraine
71%
Czech Republic
57%

Score Distribution

Percentile by Number Answered

Percent of People with Each Score

Your Score History

You have not taken this quiz since the last reset